| 000 | 00931 am a22002778a 4500 | ||
|---|---|---|---|
| 001 | 006928915 | ||
| 005 | 20130930154153.0 | ||
| 008 | 020408r20021995enk || 000 ||eng | ||
| 020 | _a0521523303 (pbk) : | ||
| 020 | _a9780521523301 | ||
| 082 | 0 | 4 |
_a320.540962 _221 _bGER |
| 100 | 1 |
_aGershoni, I. _933846 |
|
| 245 | 1 | 0 |
_aRedefining the Egyptian nation, 1930-1945 / _cIsrael Gershoni and James P. Jankowski. |
| 260 |
_aCambridge : _bCambridge University Press, _c2002. |
||
| 263 | _a200205 | ||
| 300 |
_a280 p. : _bill. ; _c23cm. |
||
| 500 | _aOriginally published: 1995. | ||
| 500 | _aIncludes index. | ||
| 504 | _aBibliography. | ||
| 650 | 0 |
_aNationalism _zEgypt _xHistory _y20th century. _933847 |
|
| 651 | 0 |
_aEgypt _xPolitics and government _y1919-1952. _933848 |
|
| 653 |
_bPol _cSeptember2013 |
||
| 700 | 1 |
_aJankowski, James P., _d1937- _933849 |
|
| 830 | 0 |
_aCambridge Middle East studies ; _v2. _933850 |
|
| 942 |
_2ddc _cBB |
||
| 999 |
_c17583 _d17555 |
||